| 000 | 00481nam a2200157Ia 4500 | ||
|---|---|---|---|
| 003 | OSt | ||
| 005 | 20200626103925.0 | ||
| 008 | 190216s9999||||xx |||||||||||||| ||und|| | ||
| 040 | _coclc | ||
| 082 |
_a954.802 _bSAS/D |
||
| 100 |
_aSastri, K A Nilakanta _93026 |
||
| 245 | 0 |
_aDakshina Bharata Charitram / _cK A Nilakanta Sastri |
|
| 260 |
_bKerala Bhasha Institute, _c1975. _aTrivandrum: |
||
| 300 | _a596p | ||
| 942 |
_cBK _2ddc _h954.802 _iSAS/D _k954.802 _mSAS/D |
||
| 999 |
_c38218 _d38218 |
||